000 00637nam a2200169 a 4500
008 120416s1984 ||||||||||||||||| || u
020 _a0070346313
050 _aHF 5549.5.R3 Kin
100 _aKing, Patricia, 1941-
245 1 0 _aPerformance planning & appraisal : a how-to book for managers /
260 _aNew York:
_bMcGraw-Hill
_c1984
300 _ax[ii], 160p. : ill.
350 _a0.00
650 _aAPPLICATIONS FOR EMPLOYMENT
650 _aEMPLOYEE-- RATING OF
995 _D0.00
_FCBU-MAIN LIBRARY (Kitwe)
_H1
_I21.50
_M1
_UAVAILABLE
_ZMain Library Open Access Collection
999 _c53361
_d53361